[Suport de la Diputació provincial de La Corunya a la guerra contra Xile i Perú, dirigit a la Reina Isabel II]
Descripción Física:
1 f. ; 31 cm
Otros Autores:
Corunya (Galícia). Deputación
MARC
| LEADER | 00000nam a2200000Ia 4500 | ||
|---|---|---|---|
| 001 | 23554 | ||
| 008 | 160829s1866 xx 000 0 cat d | ||
| 080 | |a RF-17-34 | ||
| 245 | |a [Suport de la Diputació provincial de La Corunya a la guerra contra Xile i Perú, dirigit a la Reina Isabel II] | ||
| 260 | |a Coruña : |b Imp. de Puga, |c 1866 | ||
| 300 | |a 1 f. ; |c 31 cm | ||
| 590 | |a Prové de 931, exp. 14 | ||
| 650 | |a Xile |x Història |x 1865-1866, Guerra amb Espanya |9 48951 | ||
| 700 | |a Corunya (Galícia). Deputación |9 48952 | ||
| 856 | 4 | |u https://media.diba.cat/diba/fitxers/arxiu/fulletons/bib_23554_1866_baixa.pdf |y Accés lliure | |
| 856 | 4 | |u https://media.diba.cat/diba/fitxers/arxiu/fulletons/bib_23554_1866_baixa.pdf |y Accés lliure | |
| 901 | |a Arxiu | ||
| 942 | |n 1 |2 udc | ||
| 952 | |0 0 |1 0 |4 0 |6 RF1734 |7 1 |9 54999 |a Arxiu |b Arxiu |d 2012-08-07 |l 0 |o RF-17-34 |p 23554 |r 2016-12-01 00:00:00 |w 2016-12-01 |y ARXIU | ||
| 999 | |c 58869 |d 58869 | ||
| 900 | |a bib_23554_1866_baixa.pdf | ||